IFIP technical committees structure and members
Wedi'i Gadw mewn:
| Fformat: | Llyfr |
|---|---|
| Iaith: | Undetermined |
| Cyhoeddwyd: |
Tokyo
IFIP General Assembly
1985
|
| Pynciau: | |
| Tagiau: |
Ychwanegu Tag
Dim Tagiau, Byddwch y cyntaf i dagio'r cofnod hwn!
|
| Thư viện lưu trữ: | Trung tâm Học liệu Trường Đại học Cần Thơ |
|---|
| LEADER | 00418nam a2200157Ia 4500 | ||
|---|---|---|---|
| 001 | CTU_98660 | ||
| 008 | 210402s9999 xx 000 0 und d | ||
| 082 | |a 620 | ||
| 082 | |b I.23 | ||
| 245 | 0 | |a IFIP technical committees structure and members | |
| 260 | |a Tokyo | ||
| 260 | |b IFIP General Assembly | ||
| 260 | |c 1985 | ||
| 650 | |a Technology | ||
| 904 | |i Truc | ||
| 980 | |a Trung tâm Học liệu Trường Đại học Cần Thơ | ||